Mensch sein in Zeiten der Transformation : Interdisziplinäre Wege zu einer ethischen Anthropologie /

Die rasante Entwicklung neuer Technologien und die globale Pandemie haben unser Zusammenleben erschüttert und zeigen einschneidende Folgen für das Wohlbefinden. Was brauchen Menschen, damit sie Umbruchszeiten nicht nur überstehen, sondern auch positiv gestalten können? Die Autor*innen nähern sich de...

Full description

Saved in:

Other Authors: Müller, Sigrid (Editor)

Format: eBook

Language: English
German

Published: Paderborn : Ferdinand Schöningh, Brill Deutschland, 2025.

Series: Religion and Transformation in Contemporary European Society ; 36.
Schöningh, Fink and mentis Religious Studies, Theology and Philosophy E-Books Online, Collection 2025.

Subjects:

Online Access: Login to view Source

Tags: Add Tag

No Tags, Be the first to tag this record!

Call Number: BS709.4

LEADER 02849nam a22005058i 4500
001 BRILL9783657797875
003 nllekb
005 20250915080727.0
006 m d
007 cr un uuuua
008 250611s2025 gw sb 001 0 eng d
020 |a 9783506797872  |q (electronic book) 
020 |z 9783657797875  |q (print) 
024 7 |a 10.30965/9783657797875  |2 DOI 
035 |z (OCoLC)1518682568 
040 |a NL-LeKB  |c NL-LeKB  |e rda 
041 |a ger 
050 4 |a BS709.4 
072 7 |a HRAM1  |2 bicssc 
072 7 |a PHI  |x 005000  |2 bisacsh 
072 7 |a PHI  |x 022000  |2 bisacsh 
072 7 |a REL  |x 028000  |2 bisacsh 
082 0 4 |a 220.4/2  |2 23 
245 0 0 |a Mensch sein in Zeiten der Transformation :  |b Interdisziplinäre Wege zu einer ethischen Anthropologie /  |c edited by Sigrid Müller. 
246 3 |a Interdisziplinäre Wege zu einer ethischen Anthropologie 
264 1 |a Paderborn :  |b Ferdinand Schöningh, Brill Deutschland,  |c 2025. 
264 4 |c ©2025 
300 |a 1 online resource (300 pages) :  |b illustrations. 
336 |a text  |b txt  |2 rdacontent 
337 |a computer  |b c  |2 rdamedia 
338 |a online resource  |2 rdacarrier 
490 1 |a Religion and Transformation in Contemporary European Society ;  |v 36 
490 1 |a Schöningh, Fink and mentis Religious Studies, Theology and Philosophy E-Books Online, Collection 2025 
504 |a Includes bibliographical references and index. 
520 |a Die rasante Entwicklung neuer Technologien und die globale Pandemie haben unser Zusammenleben erschüttert und zeigen einschneidende Folgen für das Wohlbefinden. Was brauchen Menschen, damit sie Umbruchszeiten nicht nur überstehen, sondern auch positiv gestalten können? Die Autor*innen nähern sich der Frage an, was aus heutiger Sicht den Menschen ausmacht, um ein Bild zu entwickeln, worauf eine gut gestaltete Gesellschaft achten muss, damit sie menschlich bleibt und zum Leben ermutigt. Im Dialog mit Philosophie und Theologie kommen dabei überraschende Stimmen zu Wort: von der Architektur über den Städtebau, Psychologie und Soziologie, Medizin und Neurowissenschaften, evolutionäre Biologie, Literatur und Film. 
546 |a German 
588 |a Description based on print version record. 
650 0 |a Theology and World Christianity. 
700 1 |a Müller, Sigrid,  |e editor. 
776 0 8 |i Print version:  |t Mensch sein in Zeiten der Transformation : Interdisziplinäre Wege zu einer ethischen Anthropologie.  |d Paderborn : Ferdinand Schöningh, Brill Deutschland, 2025.  |z 9783506797872 
830 0 |a Religion and Transformation in Contemporary European Society ;  |v 36. 
830 0 |a Schöningh, Fink and mentis Religious Studies, Theology and Philosophy E-Books Online, Collection 2025. 
856 4 |z DOI:   |u http://dx.doi.org/10.30965/9783657797875 
942 |2 lcc  |c EBOOK 
999 |c 61231  |d 61231